|
|
|
|
| LEADER |
00000ckm a2200000 a 4500 |
| 001 |
vtls001210950 |
| 003 |
SK-MaSNL |
| 005 |
20260331203432.0 |
| 007 |
kf co |
| 008 |
250414s1991 xo g 0kuslo |
| 015 |
|
|
|a SNBG1991
|
| 035 |
|
|
|a SNK000154024
|
| 040 |
|
|
|a SNK
|b slo
|c SNK
|e AACR2
|
| 041 |
0 |
|
|a slo
|
| 043 |
|
|
|a e-xo---
|
| 044 |
|
|
|a xo
|c SK
|
| 072 |
|
7 |
|a 913
|x Regionálna geografia
|2 konspekt
|
| 080 |
|
|
|a 913(437.6)
|2 2011
|
| 080 |
|
|
|a (084.121)
|2 2011
|
| 080 |
|
|
|a 72.012.8
|2 2011
|
| 080 |
|
|
|a 725.1:613.47
|2 2011
|
| 080 |
|
|
|a 643.573
|2 2011
|
| 080 |
|
|
|a 692.433
|2 2011
|
| 080 |
|
|
|a 712.31
|2 2011
|
| 080 |
|
|
|a 72.012.75
|2 2011
|
| 080 |
|
|
|a 614.2:[725.1:614.21]
|2 2011
|
| 080 |
|
|
|a 725.1:615.838
|2 2011
|
| 080 |
|
|
|a 640.43
|2 2011
|
| 100 |
1 |
|
|a Ondrejkovič, Ivan,
|d 1935-1998
|4 pht
|9 7599
|
| 245 |
1 |
0 |
|a Trenčianske Teplice
|h grafika
|c foto: I. Ondrejkovič ; grafický návrh: J. Býma
|
| 246 |
1 |
|
|i Názov na adresnej časti:
|a Liečebný dom poľnohospodárov - SPP
|b Trenčianske Teplice
|
| 260 |
|
|
|a Bratislava
|b ČSTK-Pressfoto
|c 1991
|e Skalica
|f Grafobal
|
| 300 |
|
|
|a 1 pohľadnica (5 čiastkových pohľadov)
|b farebná
|c 15 x 11 cm
|
| 500 |
|
|
|a Názvové údaje prevzaté z obrazovej časti pohľadnice
|
| 520 |
8 |
|
|a Zobrazenie: Päť čiastkových pohľadov oddelených bielymi líniami. V treťom pohľade je dole vodorovne bielym písmom názov. Pohľad na recepciu v interiéry liečebného domu. Pohľad na bazén s tromi ľuďmi slniacimi sa na jeho okrajoch. V pozadí sedia ďalší ľudia za stolmi na vonkajšej terase. Za nimi sú kríky a vysoký múr zarastený popínavými rastlinami. Za múrom sú husté listnaté stromy. Pohľad na poschodvú budovu liečebného domu v pozadí za stromami a kríkmi. Vľavo v popredí je rozkvitnutý krík. Vpravo v pozadí je pred budovou vysoký ihličnatý strom a vpravo pod ním vidno zaparkované autá. Za budovou je hustý les. Dva rôzne pohľady na dva interiéry reštaurácií
|
| 650 |
0 |
7 |
|a interiéry
|2 SNKPH
|9 2953
|
| 650 |
0 |
7 |
|a bazény
|2 SNKPH
|9 30214
|
| 650 |
0 |
7 |
|a terasy
|2 SNKPH
|9 70135
|
| 650 |
0 |
7 |
|a liečebne
|2 SNKPH
|9 56920
|
| 650 |
0 |
7 |
|a kúpeľné budovy
|2 SNKPH
|9 102104
|
| 650 |
0 |
7 |
|a reštaurácie
|2 SNKPH
|9 23080
|
| 651 |
|
7 |
|a Trenčianske Teplice (Slovensko)
|2 SNKPHgeo
|9 14503
|
| 655 |
|
7 |
|a miestne pohľadnice
|2 SNKPH
|9 70510
|
| 700 |
1 |
|
|a Býma, J.
|c (grafik)
|4 art
|9 283282
|
| 852 |
|
|
|a Slovenská národná knižnica
|
| 954 |
|
|
|a pohľadnice
|2 lita
|
| 958 |
|
|
|a GBN
|
| 958 |
|
|
|a GC
|
| 958 |
|
|
|a OND
|
| 999 |
|
|
|c 968521
|d 970451
|
| 952 |
|
|
|a SNK
|b SNK
|y PREZ
|7 0
|p 17A1243510
|o snkSP 146572
|i snk3493/91
|0 0
|1 0
|4 0
|d 2022-05-23
|f 1
|l 0
|r 2026-02-24 10:43:11
|w 2026-02-24
|
| 952 |
|
|
|a SNK
|b SNK
|y PREZ
|7 0
|p 17A1243553
|o snkSP 146572 D1
|i snk3494/91
|0 0
|1 0
|4 0
|d 2022-05-23
|l 0
|r 2026-02-24 10:43:11
|w 2026-02-24
|
| 952 |
|
|
|a SNK
|b SNK
|y PREZ
|7 0
|p 17A1243555
|o snkSP 146572 D2
|i snk3093/91
|0 0
|1 0
|4 0
|d 2022-05-23
|l 0
|r 2026-02-24 10:43:11
|w 2026-02-24
|
| 952 |
|
|
|a SNK
|b SNK
|y PREZ
|7 0
|p 17A1243554
|o snkSP 146572 D3
|i snk3092/91
|0 0
|1 0
|4 0
|d 2022-05-23
|l 0
|r 2026-02-24 10:43:11
|w 2026-02-24
|